Welcome to CU Library Online Public Access Catalogue (OPAC)

Principles of applied civil engineering design / (Record no. 8289)

MARC details
000 -LEADER
fixed length control field 00608cam a22002054a 4500
001 - CONTROL NUMBER
control field 13403612
005 - DATE AND TIME OF LATEST TRANSACTION
control field 20251121105149.0
008 - FIXED-LENGTH DATA ELEMENTS--GENERAL INFORMATION
fixed length control field 031114s2004 vaua b 001 0 eng
020 ## - INTERNATIONAL STANDARD BOOK NUMBER
International Standard Book Number 0784407126
020 ## - INTERNATIONAL STANDARD BOOK NUMBER
International Standard Book Number 9780784407127
050 00 - LIBRARY OF CONGRESS CALL NUMBER
Classification number TH425
Item number .C44 2004
082 00 - DEWEY DECIMAL CLASSIFICATION NUMBER
Classification number 624
Edition information 22
100 1# - MAIN ENTRY--PERSONAL NAME
Personal name Choi, Ying-Kit.
245 10 - TITLE STATEMENT
Title Principles of applied civil engineering design /
Statement of responsibility, etc. by Ying-Kit Choi.
260 ## - PUBLICATION, DISTRIBUTION, ETC.
Place of publication, distribution, etc. Reston, VA :
Name of publisher, distributor, etc. American Society of Civil Engineers,
Date of publication, distribution, etc. 2004.
300 ## - PHYSICAL DESCRIPTION
Extent xvi, 227 p. :
Other physical details ill. ;
Dimensions 26 cm.
650 #0 - SUBJECT ADDED ENTRY--TOPICAL TERM
Topical term or geographic name entry element Civil engineering.
650 #0 - SUBJECT ADDED ENTRY--TOPICAL TERM
Topical term or geographic name entry element Construction contracts.
942 ## - ADDED ENTRY ELEMENTS (KOHA)
Source of classification or shelving scheme Library of Congress Classification
Koha item type Books
Suppress in OPAC No
999 ## -
-- 8289
-- 8289
Holdings
Withdrawn status Lost status Source of classification or shelving scheme Damaged status Not for loan Collection Home library Current library Shelving location Date acquired Total checkouts Full call number Barcode Date last seen Copy number Price effective from Koha item type
    Library of Congress Classification     Non-fiction Science Library (Miotso) Science Library (Miotso) General stacks 11/21/2025   TH425 .C44 CHO SLM00005890 11/21/2025 1 11/21/2025 Books
    Library of Congress Classification     Non-fiction Science Library (Miotso) Science Library (Miotso) General stacks 11/21/2025   TH425 .C44 CHO SLM00005891 11/21/2025 2 11/21/2025 Books
    Library of Congress Classification     Non-fiction Science Library (Miotso) Science Library (Miotso) General stacks 11/21/2025   TH425 .C44 CHO SLM00005892 11/21/2025 3 11/21/2025 Books
    Library of Congress Classification     Non-fiction Science Library (Miotso) Science Library (Miotso) General stacks 11/21/2025   TH425 .C44 CHO SLM00005893 11/21/2025 4 11/21/2025 Books
    Library of Congress Classification     Non-fiction Science Library (Miotso) Science Library (Miotso) General stacks 11/21/2025   TH425 .C44 CHO SLM00005894 11/21/2025 5 11/21/2025 Books
© 2023-2024 Copyright: Central University Libraries. All Rights Reserved | Created by: Mahone Tech Office